[Event "Caïssa 2 - Santpoort 4-4"]
[Site "?"]
[Date "2019.12.14"]
[Round "4"]
[White "Witt, Rob"]
[Black "De Roode, Martijn"]
[Result "1/2-1/2"]
[WhiteElo "2120"]
[BlackElo "2070"]
[Annotator "Witt"]
[PlyCount "72"]
[EventDate "2019.??.??"]

{Ik maakte een beetje zorgen over deze partij, omdat ik nog moet bijkomen van
een hersenbloeding. Het AMC is het niet gelukt om de ader in mijn hersens
dicht te lijmen en ze hebben mij doorgegeven aan het VU-ziekenhuis voor een
laserbehandeling. Het wachten is op een uitnodiging. Tot mijn schrik had
teamleider Abe Willemsma mij op bord 2 gezet zodat ik ernstig rekening moest
houden met grootmeester Harmen Jonkman die de vorige ronde op bord 2 zat.
Gelukkig trof ik een andere tegenstander waarvan ik echter niets wist.} 1. d4 {
[%eval 130,0]} Nf6 {[%eval 130,0]} 2. c4 g6 3. Nc3 Bg7 4. e4 O-O 5. Be3 ({
Ik had geen zin in hoofdvarianten met} 5. Nf3) 5... d6 6. f3 c5 {[%eval 131,0]
Een gevaarlijk systeem. Ik ben vergeten hoe wit dat het beste bestrijdt.} 7. d5
{[%eval 127,0]} ({misschien is} 7. Nge2 Nc6 8. d5 Ne5 9. Ng3 {de beste aanpak.}
) 7... e6 8. Qd2 exd5 9. cxd5 a6 10. a4 Re8 $1 (10... Nbd7 11. Nh3 Ne5 12. Nf2
$14) 11. Nge2 Nbd7 12. Nc1 {[%eval 124,0]} (12. Ng3 h5 13. Be2 h4 14. Nf1 {
beviel me niet. Dit blijkt een keer gespeeld in Timman,J (2635)-Speelman,J 
(2615) London 1989 Candidates (47.½-½)}) 12... Ne5 {[%eval 128,0]} 13. Be2
Bd7 {[%eval 122,0]} (13... Nh5 $5 {kwam ook in aanmerking en is misschien wel
beter.}) 14. O-O {[%eval 121,0]} b5 {[%eval 120,0]} (14... Nh5 {kwam ook hier
in aanmerking.}) 15. axb5 axb5 16. Rxa8 Qxa8 17. Nxb5 {[%eval 117,0]} Bxb5 {
[%eval 118,0]} 18. Bxb5 Rb8 19. Be2 Qa1 {[%eval 108,0]} 20. b3 {[%eval 113,0]}
Qa3 21. Kh1 {[%eval 100,0]} ({Er zijn nog 2 partijen met} 21. Qc2 h5 22. h3
Ned7 23. Bd2 Ne8 24. Bc3 Bxc3 25. Qxc3) 21... h5 {55'} 22. Qc2 {39' Mijn
laatste 2 zetten hebben veel tijd gekost. Ik begon moe te worden en zag niet
helder wat ik precies moest doen.} Kh7 {34'' Ook Martijn spendeert veel tijd.}
23. h3 {37'} ({Mijn oorspronkelijke bedoeling was} 23. f4 {wat de engine
goedkeurt. Ik weet niet meer waarom ik dit verworpen heb. Bijv.} Neg4 24. Bg1 {
is goed voor wit.}) 23... Qb4 {24'} (23... c4 24. Bxc4 Rc8 25. Bf4 Nfd7 26. Qe2
{leek me goed voor wit.}) 24. Bd2 {31'} Qb7 {22'} 25. Bc3 $6 {28'} ({het is
mij een raadsel waarom ik niet koos voor} 25. f4 Ned7 26. Bc4 {om vervolgens
te proberen mijn paard om te spelen naar c3.}) 25... Qe7 {21'} 26. Nd3 $2 {24'}
({Veel beter was mijn fout toegeven en terug met} 26. Bd2) 26... Nxd3 {20'} 27.
Bxd3 h4 28. Re1 {21'} Nh5 29. Bxg7 Kxg7 30. Qc3+ $2 {dat heeft weinig zin.} Qf6
31. Qxf6+ $2 {13' En hierna staat zwart beter.} ({De engine suggereert} 31. e5
dxe5 32. Bc4 e4 33. Qxf6+ Kxf6 34. fxe4 Ke5 35. d6 Rb7 36. Rd1 {Maar dat lijkt
me ook niks.}) 31... Kxf6 32. Bc4 Ra8 $17 33. Kg1 {4'} Nf4 (33... Ke5 $1 $17)
34. Rb1 {3'} ({Ook niet geweldig maar noodzakelijk was} 34. e5+ {wat ik
eigenlijk van plan was. Maar ik zag er vanaf wegens} Ke7 $15) 34... Ra2 {17'}
35. Bf1 Ke5 {16'} 36. b4 cxb4 {En tot mijn aangename verrassing liet Martijn
dit vergezeld gaan met een remiseaanbod wat ik na enkele minuten accepteerde.
Allen zwart heeft hier kansen. De wedstrijd eindigde uiteindelijk in 4-4. Ik
was te moe om mee te gaan eten en ben snel naar huis gegaan.} 1/2-1/2

[Event "Caïssa 2 - Wijkertoren"]
[Site "?"]
[Date "2021.09.18"]
[Round "1"]
[White "Witt, Rob"]
[Black "Wijnberg, Arjan"]
[Result "1/2-1/2"]
[WhiteElo "2103"]
[BlackElo "2084"]
[Annotator "rwitt"]
[PlyCount "69"]
[EventDate "2021.??.??"]

{Mijn eerste partij sinds een jaar of twee.} 1. Nf3 d5 2. c4 c6 3. e3 Nf6 4. b3
Bg4 5. Be2 e6 6. Bb2 Nbd7 7. O-O Be7 ({Logischer lijkt} 7... Bd6) 8. d3 O-O 9.
Nbd2 a5 10. Qc2 e5 11. Rfe1 $6 ({Beter was} 11. h3 Bxf3 12. Nxf3 Bd6 $13) 11...
Bd6 12. h3 Bh5 13. g4 $6 {Riskant} Bg6 14. Nh4 Ne8 (14... h5 $1) 15. Nxg6 fxg6
16. Kg2 e4 {Wit nog 1.03, zwart 59', Wit nog 1.03, zwart 59'.} (16... Nc7 $17)
17. f4 $6 {Na een kwartiertje deze matige zet.} (17. Rf1 $13) 17... exf3+ 18.
Nxf3 Nc7 19. Rf1 Qe7 {Zwart staat duidelijk beter.} 20. Bc1 Ne5 {Zwart had
hier betere paardzetten.} (20... Na6 {En wit krijgt het moeilijk.}) 21. d4 Nxf3
22. Bxf3 Ne6 23. cxd5 Ng5 $6 {Wit nog 31' zwart 47'.} ({De engine is
enthousiast over} 23... Rxf3 24. Kxf3 Ng5+ 25. Kg2 cxd5 $13) 24. e4 $2 {
Na bijna 20' deze slechte zet.} ({Veel beter was} 24. dxc6 bxc6 25. Bxc6 Rxf1
26. Kxf1 Rf8+ 27. Ke2) 24... Nxf3 25. Rxf3 Rxf3 26. Kxf3 Rf8+ $2 {Na een
kwartier.} ({Veel sterker was} 26... Qh4 {en zwart staat op winst. Bijv.} 27.
Qg2 Qe1 $19) 27. Kg2 cxd5 $2 {Wit nog 12', zwart 20'.} (27... h5 $1) 28. e5 Bb4
29. Be3 {Nu gaat het weer voor wit.} Qh4 30. Qe2 h5 31. Rc1 Kh7 {Wit nog 8',
zwart 15'.} 32. Bf2 Qg5 33. Be3 Qh4 34. Bf2 Qg5 35. Be3 {Ik was inmiddels erg
moe geworden en blij met remise.} (35. Rc2 $14) 1/2-1/2

[Event "Caissa2 - Kennemer 2  3 - 5"]
[Site "?"]
[Date "2021.11.27"]
[Round "4"]
[White "Boulahfa, Hicham"]
[Black "Witt, Rob"]
[Result "0-1"]
[WhiteElo "2081"]
[BlackElo "2077"]
[Annotator "rwitt"]
[PlyCount "54"]
[EventDate "2021.??.??"]

1. e4 e6 2. d4 d5 3. Nc3 Bb4 4. e5 c5 5. a3 Bxc3+ 6. bxc3 Qc7 7. Qg4 f5 8. Qg3
Ne7 9. Qxg7 Rg8 10. Qxh7 cxd4 11. Ne2 dxc3 12. f4 Nbc6 13. Be3 Bd7 14. Nd4 (14.
Bc5) 14... O-O-O 15. Nb5 Qa5 16. Nxa7+ Kb8 17. Qh4 d4 18. Nxc6+ Nxc6 19. Bg1
Qb6 20. Qf2 Qb2 21. Rd1 Qxa3 22. h4 Nb4 23. Qe2 d3 24. Rxd3 Nxd3+ 25. Qxd3 Bc6
26. Bd4 Qc1+ 27. Ke2 Qxf4 {En mijn tegenstander hield het voor gezien. Hiermee
kwamen we om 15:15 uur op een 1-0 voorsprong. Uiteindelijk verloren we met 5-3
en zijn in degradatiegevaar. Het 1e team speelde tegen Kennermer 1 en verloor
met 7,5-2,5.} 0-1